| 000 | 00661nam a22002057a 4500 | ||
|---|---|---|---|
| 003 | OSt | ||
| 005 | 20230126152926.0 | ||
| 008 | 220916b |||||||| |||| 00| 0 eng d | ||
| 020 | _a978 84 89771 61 1 | ||
| 040 | _cBiblioteca Lado V | ||
| 082 |
_a708 _bP715d |
||
| 100 |
_9624 _aPlasencia, Clara _eeditora |
||
| 245 |
_aDA CAPO/ _bFrancesc Torres/ |
||
| 260 |
_aBarcelona _bMuseu d'Art Contemporani _c2008 |
||
| 300 |
_a233p. _c23x28cm |
||
| 650 |
_2Tesauro de Arte & Arquitectura _aCATALOGO |
||
| 650 |
_2Tesauro de Arte & Arquitectura _aARTE |
||
| 650 |
_2Tesauro de Arte & Arquitectura _aEXPOSICIONES |
||
| 942 |
_2ddc _c1 _h708 _iP715d _n0 |
||
| 999 |
_c2933 _d2933 |
||